Rekonštrukcia verejných priestorov Art Kaštieľa - Moravany nad Váhom
Salvato in:
| Autore principale: | |
|---|---|
| Altri autori: | |
| Natura: | Manoscritto Libro |
| Lingua: | slovacco |
| Pubblicazione: |
Bratislava
2023
|
| Soggetti: | |
| Accesso online: | http://is.stuba.sk/zp/portal_zp.pl?podrobnosti=152758 |
| Tags: |
Nessun Tag, puoi essere il primo ad aggiungerne!!
|
MARC
| LEADER | 00000ntm a22000003a 4500 | ||
|---|---|---|---|
| 001 | stuzp94353 | ||
| 003 | SK-STU | ||
| 005 | 20231005073509.7 | ||
| 007 | ta | ||
| 008 | 150427s2015----xo-----f-mn---000-0-slo-d | ||
| 040 | |a STU |b slo | ||
| 041 | 0 | |a slo | |
| 100 | 1 | |a Slivková, Paulína |u 056160 |4 aut |U FAD Fakulta architektúry a dizajnu |T FAD Ústav urbanizmu a územného plánovania |X 99362 |U A6160 |Y 397 |7 99362 | |
| 242 | 0 | 1 | |a Reconstruction of public spaces Art Mansion - Moravany nad Váhom |y eng |
| 245 | 1 | 0 | |a Rekonštrukcia verejných priestorov Art Kaštieľa - Moravany nad Váhom |
| 260 | |c 2023 |a Bratislava | ||
| 650 | 4 | |a námestie |2 slo | |
| 650 | 4 | |a kaštieľ |2 slo | |
| 650 | 4 | |a verejný priestor |2 slo | |
| 650 | 4 | |a mansion |2 eng | |
| 650 | 4 | |a historical site |2 eng | |
| 650 | 4 | |a public space |2 eng | |
| 700 | 1 | |a Hanáček, Tomáš |4 ths |X 23660 |7 A000023660 | |
| 856 | 4 | |u http://is.stuba.sk/zp/portal_zp.pl?podrobnosti=152758 |u https://opac.crzp.sk/?fn=detailBiblioForm&sid=C03CB0FBA6588971D13E2BD1B6BF | |